00967 2200301 4500001002100000005001500021035002000036007000300056008004100059020002200100040002200122082001600144084001800160090002000178100003400198245009900232250002600331300004600357650002300403850001200426264006800438336002100506337003000527338002300557700003000580700003500610990002000645INLIS00000000088115820230824090139 a0010-0823000648ta230823s2021 jkia a 1 ind d a978-602-437-907-0 aYOPDYOGbinderda04223a028.534 a028.534 YUN d aK 028.534 YUN d0 aYunita Candra SariePengarang10aDangke Gilang /cYunita Candra Sari; penyunting, Kity Karenisa; ilustrator, Yunita Candra Sari aCetakan pertama, 2021 a23 halaman :bilustrasi berwarna ;c30 cm 4aBacaan kanak-kanak aYOPDYOG31aJakarta Timur :bBadan Pengembangan dan Pembinaan Bahasa,c2021 2rdacontentateks 2rdamediaatanpa perantara 2rdacarrieravolume0 aKity KarenisaePenyunting0 aYunita Candra SarieIlustrator a71183-PD/A.2023